• 首页
  • 本馆介绍
  • 公告通知
  • 最新文献
  • 馆藏检索
  • 电子资源
  • 读者导购
  • 参考咨询
  • 我的图书馆
  • 登录
  • 详细信息显示
  • 放入我的书架
  • 预约/预借图书
  • 作者相关作品
  • 分类相关作品
  • 丛书相关作品
  • 出版社相关作品

书目信息

  • 表格格式
  • 工作单格式
  • 卡片格式
题名:
大一统的史诗
    
 
作者: 木旻 著
分册:  
出版信息: 郑州   河南文艺出版社  2019.6
页数: 204页
开本: 21cm
丛书名:
单 册:
中图分类: I207.413
科图分类:
主题词: 《三国演义》研究--san guo yan yi yan jiu
电子资源:
ISBN: 978-7-5559-0839-5
000 01016nam0 2200241 450
001 2161408996
005 20210928130734.0
010    @a978-7-5559-0839-5@dCNY56.00
100    @a20190828d2019 em y0chiy0120 ea
101 0  @achi
102    @aCN@b410000
105    @ay z 000yy
106    @ar
200 1  @a大一统的史诗@Ada yi tong de shi shi@e三国新解@f木旻著
210    @a郑州@c河南文艺出版社@d2019.6
215    @a204页@d21cm
330    @a本书是对“三国”史诗式叙事的全新解读。作者力图糅合散文、诗歌、小说等叙述形式,展现自己心中的三国。全书分三辑,三十三篇。第一辑共三篇,《史诗》《临江仙》和《大一统》。第二辑共二十八篇,或短篇评论,或历史随笔。第三辑共两篇,是根据《三国演义》《三国志》中有关曹操的内容进行“故事新编”。兼具学术性与可读性,是一部不可多得的匠心独具之作。
517 1  @a三国新解@Asan guo xin jie
606 0  @a《三国演义》研究@Asan guo yan yi yan jiu
690    @aI207.413@v5
701  0 @a木旻@Amu min@f(1979-)@4著
801  0 @aCN@b百万庄@c20210927
905    @b1301755-58@dI207.413@e1013@f4
    
    大一统的史诗:三国新解/木旻著.-郑州:河南文艺出版社,2019.6
    204页;21cm
    
    
    ISBN 978-7-5559-0839-5:CNY56.00
    本书是对“三国”史诗式叙事的全新解读。作者力图糅合散文、诗歌、小说等叙述形式,展现自己心中的三国。全书分三辑,三十三篇。第一辑共三篇,《史诗》《临江仙》和《大一统》。第二辑共二十八篇,或短篇评论,或历史随笔。第三辑共两篇,是根据《三国演义》《三国志》中有关曹操的内容进行“故事新编”。兼具学术性与可读性,是一部不可多得的匠心独具之作。
●
相关链接 在E读中查询图书 在五车中查询图书 在当当中查询图书 在豆瓣中查询图书


正题名:大一统的史诗     索取号:I207.413/1013         预约/预借

序号 登录号 条形码 馆藏地/架位号 状态 备注
1 1301755   213017554   第一样本阅览室/ [索取号:I207.413/1013] 在馆    
2 1301756   213017563   第二借阅区/ [索取号:I207.413/1013] 在馆    
3 1301757   213017572   第二借阅区/ [索取号:I207.413/1013] 在馆    
4 1301758   213017581   第二借阅区/ [索取号:I207.413/1013] 在馆    
唐山师范学院图书馆 欢迎您!
大连网信软件有限公司© 版权所有